De l'état anormal en France de la répression en matière de crimes capitaux et des moyens d'y remédier (Record no. 158192)

MARC details
000 -LEADER
campo de control de longitud fija 00797nam a2200193 i 4500
001 - NÚMERO DE CONTROL
campo de control 158192
003 - IDENTIFICADOR DE NÚMERO DE CONTROL
campo de control ES-MaACL
005 - FECHA Y HORA DE LA ÚLTIMA TRANSACCIÓN
campo de control 20240713063132.0
008 - DATOS DE LONGITUD FIJA--INFORMACIÓN GENERAL
campo de control de longitud fija 011026s1885 fr |||| | fre d
100 1# - ENTRADA PRINCIPAL--NOMBRE DE PERSONA
Nombre de persona Lucas, Charles,
Fechas asociadas al nombre 1803-1889
9 (RLIN) 129118
245 10 - MENCIÓN DEL TÍTULO
Título De l'état anormal en France de la répression en matière de crimes capitaux et des moyens d'y remédier
Resto del título : précédé d'un avant-propos et d'une introduction /
Mención de responsabilidad, etc. par Ch. Lucas.
260 ## - PUBLICACIÓN, DISTRIBUCIÓN, ETC.
Lugar de publicación, distribución, etc. Paris :
Nombre del editor, distribuidor, etc. G. Pedone-Lauriel,
Fecha de publicación, distribución, etc. 1885.
300 ## - DESCRIPCIÓN FÍSICA
Extensión XLIV, 179 p. ;
Dimensiones 23 cm.
650 #4 - PUNTO DE ACCESO ADICIONAL DE MATERIA--TÉRMINO DE MATERIA
Término de materia o nombre geográfico como elemento de entrada Pena de muerte-
Subdivisión geográfica Francia.
9 (RLIN) 167525
650 #4 - PUNTO DE ACCESO ADICIONAL DE MATERIA--TÉRMINO DE MATERIA
Término de materia o nombre geográfico como elemento de entrada Derecho penal-
Subdivisión geográfica Francia.
9 (RLIN) 155135
752 ## - ENTRADA AGREGADA--NOMBRE JERÁRQUICO DEL LUGAR
País o entidad superior Francia -
Ciudad París
852 ## - LOCALIZACIÓN
Ubicación ES-MaACL
Número de control de estantería D-217
Nota libre - Enc. hol.
-- . - Donativo de Lastres al Ateneo de Madrid, 1907
Holdings
Estatus retirado Estado de pérdida Estado de daño No para préstamo Colección Biblioteca de origen Biblioteca actual Ubicación en estantería Fecha de adquisición Fuente de adquisición Total de préstamos Signatura topográfica completa Código de barras Visto por última vez Precio de reemplazo Tipo de ítem Koha
        Libros del s. XIX Biblioteca del Ateneo de Madrid Biblioteca del Ateneo de Madrid Sala Valle Inclán 17/01/2008     D-217 901165565 23/02/2023 23/02/2023 Libro impreso antiguo